000 00671nam a2200229Ia 4500
003 OSt
005 20221007072958.0
006 a|||||r|||| 00| 0
007 ta
008 221006b |||||||| |||| 00| 0 eng d
024 _a26,010
037 _cReports / Technical Reports
040 _aFLL
_cFLL
_beng
041 _2eng
_aeng
082 _aX72991:Z3, K1
100 _aJohns Reginald K.
_9691709
245 0 _aDymond's death duties
260 _aLondon
_bThe Solicitors' law Staionery Society Limited UK
_c1961
300 _axv,105p
_ccm.
942 _hX72991:Z3, K1
_cREP
_2CC
999 _c1147402
_d1147402